Statistiken für Deutsche Songs mit Städten im Titel

Klicken Sie hier um das Quiz zu spielen!

Allgemein

  • Dieses Quiz wurde 751 mal gespielt
    (663 seit der letzten Aktualisierung)
  • Das Durchschnittsergebnis liegt bei 9 aus 20

Antwortstatistiken

InterpretLied% Korrekt
Udo JürgensIch war noch niemals in {New} {York}
99%
KraftklubIch will nicht nach {Berlin}
87%
Dschingis KhanM{oskau}
76%
Lotto King Karl{Hamburg} meine Perle
75%
Felix De LuxeTaxi nach {Paris}
71%
Herbert GrönemeyerB{ochum}
70%
Bosse{Frankfurt} Oder
70%
Falco{Wien}er Blut
65%
Sportfreunde StillerNew York, Rio, {Rosenheim}
41%
Die ÄrzteW{esterland}
41%
Vicky LeandrosTheo, wir fahr'n nach {Lodz}
40%
MadsenMit dem Moped nach {Madrid}
32%
MarteriaMein {Rostock}
25%
Abstürzende BrieftaubenPa-Pa-P{aderborn}
19%
CluesoC{hicago}
17%
Erste Allgemeine VerunsicherungHeiße Nächte in {Palermo}
13%
WandaB{ologna}
10%
Nina HagenErfurt und {Gera}
9%
Michael HolmM{endocino}
9%
Foyer des ArtsWissenswertes über {Erlangen}
8%

Verteilung der Resultate

Perzentil nach korrekt beantworteten Fragen

Anzahl Personen mit jedem Resultat

Ihre Resultats-Entwicklung

Sie haben dieses Quiz seit der letzten Aktualisierung nicht gespielt